Principles and applications of electrical engineering / (Record no. 28438)
[ view plain ]
| 000 -LEADER | |
|---|---|
| fixed length control field | 02119nam a2200289 i 4500 |
| 003 - CONTROL NUMBER IDENTIFIER | |
| control field | CSPC |
| 005 - DATE AND TIME OF LATEST TRANSACTION | |
| control field | 20241113131234.0 |
| 008 - FIXED-LENGTH DATA ELEMENTS--GENERAL INFORMATION | |
| fixed length control field | 241113b2022 nyu 001 0 eng d |
| 020 ## - INTERNATIONAL STANDARD BOOK NUMBER | |
| International Standard Book Number | 9781260598094 |
| 040 ## - CATALOGING SOURCE | |
| Original cataloging agency | CSPC |
| Language of cataloging | eng |
| Transcribing agency | CSPC |
| Description conventions | rda |
| 050 04 - LIBRARY OF CONGRESS CALL NUMBER | |
| Classification number | TK146 .R473 |
| 082 04 - DEWEY DECIMAL CLASSIFICATION NUMBER | |
| Edition number | 23 |
| Classification number | 621.3 |
| Item number | R529p |
| 100 1# - MAIN ENTRY--PERSONAL NAME | |
| Personal name | Rizzoni, Giorgio, |
| Relator term | author. |
| 245 10 - TITLE STATEMENT | |
| Title | Principles and applications of electrical engineering / |
| Statement of responsibility, etc. | Giorgio Rizzoni and James Kearns. |
| 250 ## - EDITION STATEMENT | |
| Edition statement | Seventh edition. |
| 264 #1 - PRODUCTION, PUBLICATION, DISTRIBUTION, MANUFACTURE, AND COPYRIGHT NOTICE | |
| Place of production, publication, distribution, manufacture | New York, NY : |
| Name of producer, publisher, distributor, manufacturer | McGraw Hill, |
| Date of production, publication, distribution, manufacture, or copyright notice | 2022. |
| 300 ## - PHYSICAL DESCRIPTION | |
| Extent | xix, 971 pages ; |
| Dimensions | 25 cm. |
| 336 ## - CONTENT TYPE | |
| Source | rdacontent |
| Content type term | text |
| 337 ## - MEDIA TYPE | |
| Source | rdamedia |
| Media type term | unmediated |
| 338 ## - CARRIER TYPE | |
| Source | rdacarrier |
| Carrier type term | volume |
| 500 ## - GENERAL NOTE | |
| General note | Includes index. |
| 505 0# - FORMATTED CONTENTS NOTE | |
| Formatted contents note | Part I Circuits -- Fundamentals of electric circuits -- Equivalent networks -- AC network analysis -- Transient analysis -- Frequency response and system concepts -- Part II Systems and instrumentation -- Operational amplifiers -- Electronic instrumentation and measurements -- Part III Analog electronics -- Semiconductors and diodes -- Bipolar junction transistors : operation, circuit models, and applications -- Field-effect transistors : operation, circuit models and applications -- Part IV Digital electronics -- Digital logic circuits -- Digital systems -- Part V Electric power and machines -- Electric power systems -- Principles of electromechanics -- Electric machines -- Special-purpose electric machines (online chapter) -- Power electronics (online chapter) -- Analog communication systems (online chapter) -- Digital communications (online chapter) -- Appendix A Linear algebra and complex numbers -- Appendix B The Laplace transform -- Appendix C Fundamentals of engineering (FE) examination -- Appendix D ASCII character code. |
| 650 #0 - SUBJECT ADDED ENTRY--TOPICAL TERM | |
| Topical term or geographic name entry element | Electrical engineering. |
| 700 1# - ADDED ENTRY--PERSONAL NAME | |
| Personal name | Kearns, James, |
| Relator term | author. |
| 942 ## - ADDED ENTRY ELEMENTS (KOHA) | |
| Source of classification or shelving scheme | Dewey Decimal Classification |
| Suppress in OPAC | No |
| Koha item type | Books |
| Edition | 23 |
| Classification part | 621.3 |
| Item part | R529p |
| Call number prefix | ENG |
| Call number suffix | 2022 |
| Withdrawn status | Lost status | Source of classification or shelving scheme | Damaged status | Not for loan | Home library | Current library | Shelving location | Date acquired | Total Checkouts | Full call number | Barcode | Date last seen | Copy number | Price effective from | Koha item type |
|---|---|---|---|---|---|---|---|---|---|---|---|---|---|---|---|
| Dewey Decimal Classification | Main Library | Main Library | Engineering Section | 11/13/2024 | ENG 621.3 R529p 2022 | 028472 | 11/13/2024 | 1-1 | 11/13/2024 | Books |